| 000 | 01204nam a2200241 a 4500 | ||
|---|---|---|---|
| 008 | 120416s1983 ||||||||||||||||| || u | ||
| 020 | _a0801656621 | ||
| 050 | _aR 123 You. | ||
| 100 | _aYoung, Clara Gene | ||
| 245 | 1 | 0 | _aYoung's learning medical terminology step by step |
| 250 | _a5th ed. | ||
| 260 |
_aSt. Louis _bThe C. V. Mosby Co _c1983 |
||
| 300 | _axii, 387p. : ill. | ||
| 350 | _a0.00 | ||
| 650 | _aNOMECLATURE | ||
| 650 | _aMEDICINE | ||
| 650 | _aMEDICINE--TERMINOLOGY | ||
| 700 | _aAustrin, Miriam G | ||
| 995 |
_aANNEX COLLECTION (Main Library) _D0.00 _e713443 _FCBU-MAIN LIBRARY (Kitwe) _H1 _I16.95 _jR 123 You _M1 _UAVAILABLE _WMar 23, 2007 _y015438 _ZAnnex Low-Usage Collection |
||
| 995 |
_aMAIN LIBRARY OPEN ACCESS _D0.00 _e713445 _FCBU-MAIN LIBRARY (Kitwe) _H3 _I16.95 _jR 123 You _M3 _UAVAILABLE _WMar 23, 2007 _y015439 _ZMain Library Open Access Collection |
||
| 995 |
_aANNEX COLLECTION (Main Library) _D0.00 _e713444 _FCBU-MAIN LIBRARY (Kitwe) _H2 _I16.95 _jR 123 You _M2 _UAVAILABLE _WMar 23, 2007 _y015437 _ZAnnex Low-Usage Collection |
||
| 995 |
_aTEXTBOOKS (CHEM.ENG.) _D0.00 _e7106 _FCBU-SCHOOL TEXTBOOK COLLECTIONS _H1 _I0.00 _jSCHOOL TEXTBOOK _M4 _UAVAILABLE _WSep 9, 2009 _y7106 _ZSchool Collections |
||
| 999 |
_c83345 _d83345 |
||